000 00504nam a22001577a 4500
008 160318b xxu||||| |||| 00| 0 eng d
020 _a1592574032
040 _aKABU
_cKABU
050 _aMT40
_b.M59 2005
100 _aMiller, michael
245 _aThe complete idiots guide to music composition
_cby miachael miller
260 _aU.S.A
_bPenguin Group (Alpha Books)
_c2005
300 _axi, 264p.
_bill.
650 _acomposition(music)
942 _2lcc
_cBK
_hMT40 .M59 2005 C.1
999 _c15880
_d15880